God Encounters: (Record no. 4644)

MARC details
000 -LEADER
fixed length control field 00569nam a22002057a 4500
003 - CONTROL NUMBER IDENTIFIER
control field GBCCL
005 - DATE AND TIME OF LATEST TRANSACTION
control field 20241126110523.0
008 - FIXED-LENGTH DATA ELEMENTS--GENERAL INFORMATION
fixed length control field 180129b xxu||||| |||| 00| 0 eng d
020 ## - INTERNATIONAL STANDARD BOOK NUMBER
International Standard Book Number 0830723366
040 ## - CATALOGING SOURCE
Transcribing agency gbc
082 ## - DEWEY DECIMAL CLASSIFICATION NUMBER
Classification number 231.7
Item number TOW
100 ## - MAIN ENTRY--PERSONAL NAME
Personal name Towns, Elmer L.
9 (RLIN) 410
245 ## - TITLE STATEMENT
Title God Encounters:
Remainder of title To touch God and be touched by Him/
Statement of responsibility, etc. Elmer L. Towns
260 ## - PUBLICATION, DISTRIBUTION, ETC.
Name of publisher, distributor, etc. Regal Books,
Place of publication, distribution, etc. California:
Date of publication, distribution, etc. 2000
300 ## - PHYSICAL DESCRIPTION
Extent 226 p.;
Dimensions 23 cm.
650 ## - SUBJECT ADDED ENTRY--TOPICAL TERM
Topical term or geographic name entry element Christian life
9 (RLIN) 183
650 ## - SUBJECT ADDED ENTRY--TOPICAL TERM
Topical term or geographic name entry element Presence of God
9 (RLIN) 8534
650 ## - SUBJECT ADDED ENTRY--TOPICAL TERM
Topical term or geographic name entry element Bible
Form subdivision Biography
9 (RLIN) 8535
942 ## - ADDED ENTRY ELEMENTS (KOHA)
Source of classification or shelving scheme Dewey Decimal Classification
Koha item type Books
Koha issues (borrowed), all copies 7
Holdings
Withdrawn status Lost status Source of classification or shelving scheme Damaged status Not for loan Home library Current Library Shelving location Date acquired Total checkouts Full call number Barcode Date last seen Date last checked out Copy number Price effective from Koha item type
    Dewey Decimal Classification     GRACE BIBLE COLLEGE GRACE BIBLE COLLEGE Theology 2018-01-29 1 231.7 TOW 007263 2025-05-01 2022-08-22 c.1 2018-01-29 Books
    Dewey Decimal Classification     GRACE BIBLE COLLEGE GRACE BIBLE COLLEGE Theology 2018-01-29 5 231.7 TOW 007265 2025-05-01 2022-11-03 c.3 2018-01-29 Books
    Dewey Decimal Classification     GRACE BIBLE COLLEGE GRACE BIBLE COLLEGE Theology 2018-01-29 1 231.7 TOW 007264 2025-05-01 2019-02-26 c.2 2018-01-29 Books
© Grace Bible College Library 2025